000 01100nam0a22002771 4500
001 rc\495851
005 20250621105635.0
035 _a(NLR Aleph) 005737389
090 _a4701074
_c4701074
100 _a20030616d1987 |||y0rusy50 ca
101 0 _arus
102 _aRU
105 _aa |||||||||
200 1 _aМетоды механических испытаний материалов в ядерном реакторе БР-10
_eМетодика предреактор. метрол. испытаний реактор. разрыв. машин
_fМ.Г. Бульканов, А.С. Круглов, Ю.М. Певчих
210 _aОбнинск
_cФЭИ
_d1987
215 _a[1], 9 с.
_cил.
_d21
225 1 _aФизико-энергетический институт
_vФЭИ-1827
320 _aБиблиогр.: с. 8-9
700 1 _aБульканов
_bМ.Г.
_gМихаил Георгиевич
701 1 _aКруглов
_bА.С.
701 1 _aПевчих
_bЮ.М.
801 0 _aRU
_bNLR
_gpsbo
801 1 _aRU
_bELAR
_2rusmarc
852 _aNLR
_j88-4/7111
942 _cBOOK
980 _aNB